| 000 | 00531nam a2200229Ia 4500 | ||
|---|---|---|---|
| 003 | IT-RoPAU | ||
| 008 | 120407s9999 xx 000 0 und d | ||
| 040 | _aIT-RoPAU | ||
| 040 | _cIT-RoPAU | ||
| 041 | _aita | ||
| 100 | _aBattista Mondin | ||
| 245 | _aAntropologia filosofica. L’uomo: un progetto impossibile? 2a ed. | ||
| 250 | _aRoma | ||
| 260 | _aPont. Univ. Urbaniana | ||
| 260 | _c1989 | ||
| 300 | _a305 p. | ||
| 300 | _c21 cm | ||
| 490 | _aSubsidia urbaniana | ||
| 490 | _v138 | ||
| 942 | _cBK | ||
| 999 |
_c32053 _d32053 |
||